000
00186 a2200097 4500
020
_a
9780590293693
041
_a
spa
100
_a
Mary Reid
245
_a
942
_c
BK
999
_c
29118
_d
29116